01033cam a22002895a 45000010009000000050017000090080041000260100017000670200031000840400028001150820022001431000027001652450092001922500027002842600046003113000037003575000024003945040031004186500062004496510010005116530024005216550024005457000020005699420008005899990017005979520129006141740197620161023141828.0120725t2013 wiua frb 001 0 eng d a 2012945262 a9780975937723 (alk. paper) aDLCbengcDLCdEG-ScBUE04a660.2832bRAW2221 aRawlings, James Blake.10aChemical reactor analysis and design fundamentals /cJames B. Rawlings, John G. Ekerdt. a2nd ed., 2nd printing. aMadison : bNob Hill Publishing,cc.2013. axxxiii, 633 p. :bill. ;c24 cm. aIndex : p. 622-633. aBibliography : p. 620-621. 0aChemical reactorsxDesign and construction.2BUEsh933727 2BUEsh bENGCHEcOctober2016 vReading book9342321 aEkerdt, John G. 2ddc c22792d22764 00102ddc40708BaccahaMAINbMAINc1STd2016-10-23ePurchaseg1840.00l0o660.2832 RAWp000034434r2025-07-15 00:00:00yBB